Statistiques concernant Mots en K par définition

Cliquez ici pour prendre le quiz!

Statistiques générales

  • Ce quiz a été pris 356 fois
    (238 depuis la dernière actualisation)
  • Le résultat moyen est 13 sur 20

Statistiques - réponses

GenreDéfinitionRéponse% Correct
Nom FémininFête en plein air comportant des jeux et des stands de vente, et organisée le plus souvent au bénéfice de quelque chose.Kermesse
95%
Nom Masculin et Adjectif InvariableD'une couleur brun clair tirant sur le verdâtre, utilisée dans la confection des vêtements de chasse ou des uniformes militaires.Kaki
91%
Nom MasculinMammifère marsupial (macropodidé) d'Australie et de Tasmanie, qui se déplace par sauts bipèdes puissants.Kangourou
90%
Nom MasculinJupe courte, en tartan, portée par les montagnards écossais, et dont les couleurs symbolisent les clans auxquels ils appartiennent.Kilt
89%
Nom MasculinEmbarcation propulsée à l'aide d'une pagaie double et dont l'étanchéité est assurée par une jupe imperméable serrée autour de la taille du pagayeur.Kayak
88%
Nom MasculinApéritif composé d'une faible quantité de liqueur de cassis complétée de vin blanc aligoté de Bourgogne.Kir
88%
Nom MasculinEnlèvement de quelqu'un, en particulier pour extorquer une rançon ; rapt.Kidnapping
87%
Nom MasculinCoiffure militaire légère, munie d'une visière en cuir et d'une fausse jugulaire en galon métallique, portée essentiellement par les officiers de l'armée de terre française.Képi
85%
NomAuteur d'un attentat suicide.Kamikaze
84%
Nom MasculinMammifère marsupial (phalangéridé) d'Australie, dépourvu de queue, à la fourrure dense, arboricole et nocturne.Koala
83%
Nom FémininPetite cuisine souvent intégrée à la salle de séjour.Kitchenette
82%
Nom MasculinCondiment d'origine anglaise, qui se présente sous forme d'une sauce épaisse, à base de tomate, de saveur à la fois piquante et sucrée.Ketchup
71%
Nom FémininScléroprotéine imperméable à l'eau, riche en soufre, composant fondamental de la couche superficielle de l'épiderme et des phanères (poils, ongles, etc.).Kératine
64%
Nom FémininConduite répétitive de vol s'accompagnant d'une tension anxieuse. (Le vol finit par s'accomplir au terme d'une lutte entre le désir de voler et sa répression.)Kleptomanie
63%
Nom MasculinPrincipe fondamental reconnu par les trois grandes religions indiennes et reposant sur la conception de la vie humaine comme maillon d'une chaîne de vies (samsara), chaque vie particulière étant déterminée par les actions de la personne dans la vie précédente.Karma
57%
NomDans l'argot des camps de concentration nazis, détenu chargé de commander les équipes de codétenus travaillant à l'extérieur ou dans les services du camp.Kapo
31%
Nom FémininDans les villes d'Afrique du Nord, quartier d'architecture arabe enserré entre des quartiers modernes. / Populaire. Maison.Kasbah / Casbah
30%
Nom FémininGrande quantité, suite interminable.Kyrielle
23%
Nom FémininActivité musculaire, mouvement.Kinésie
20%
Nom FémininPlat russe à base de semoule de sarrasin mondé, cuite à l'eau ou au gras.Kacha
4%

Distribution des résultats

Percentile par nombre de réponses

% des personnes avec chaque résultat

Votre développement - résultats

Vous n’avez pas pris ce quiz depuis la dernière actualisation